[Event "Moscow Open A 2016"]
[Site "Moscow RUS"]
[Date "2016.02.01"]
[Round "3.80"]
[White "Triapishko, Olexandr"]
[Black "Manafov, Vugar"]
[Result "1-0"]
[WhiteElo "2471"]
[BlackElo "2052"]
[WhiteFideId "14122286"]
[BlackFideId "13410814"]
[EventDate "2016.01.30"]

1. b3 Nf6 2. Bb2 c5 3. Nf3 Nc6 4. c4 g6 5. Bxf6 exf6 6. Nc3 Bg7 7. g3 O-O 8. Bg2
f5 9. O-O Re8 10. e3 d6 11. Rc1 Rb8 12. d4 cxd4 13. Nxd4 Nxd4 14. exd4 Qf6 15.
c5 dxc5 16. dxc5 Be6 17. Qf3 Red8 18. Rc2 Qe5 19. Ne2 Bd5 20. Qf4 Bxg2 21. Qxe5
Bxe5 22. Kxg2 Rbc8 23. Rfc1 Rc7 24. Ng1 Bg7 25. b4 Rdc8 26. Ne2 Be5 27. Nc3 Bxc3
28. Rxc3 Kf8 29. Ra3 a6 30. Rd1 Rc6 31. Rd7 R8c7 32. Rd8+ Ke7 33. Rb8 Kd7 34.
Rd3+ Ke7 35. Kf3 Re6 36. a3 Kf6 37. Re3 Ke7 38. Rd3 Kf6 39. h3 Ke7 40. h4 h5 41.
Rd1 Kf6 42. Rbd8 Ke7 43. R8d6 a5 44. Rxe6+ fxe6 45. Ke3 axb4 46. axb4 b6 47.
cxb6 Rb7 48. b5 Rxb6 49. Rb1 Kd6 50. Kd4 Rb7 51. f4 Rb6 52. Rb3 Kd7 53. Kc5 Kc7
54. Ra3 Kb7 55. Ra6 Rxa6 56. bxa6+ Kxa6 57. Kd6 e5 58. Kxe5 Kb5 59. Kf6 Kc4 60.
Kxg6 Kd4 61. Kxf5 1-0

[Event "Moscow Open A 2016"]
[Site "Moscow RUS"]
[Date "2016.02.01"]
[Round "3.81"]
[White "Mustafin, Andrey"]
[Black "Usmanov, Vasily"]
[Result "1/2-1/2"]
[BlackTitle "IM"]
[WhiteElo "2241"]
[BlackElo "2451"]
[WhiteFideId "13406744"]
[BlackFideId "4135741"]
[EventDate "2016.01.30"]

1. b3 e5 2. Bb2 Nc6 3. e3 Nf6 4. Bb5 Bd6 5. Na3 Na5 6. Be2 a6 7. c4 O-O 8. Nc2
Re8 9. Nh3 Bf8 10. d4 exd4 11. Qxd4 Nc6 12. Qh4 Ne4 13. Qxd8 Rxd8 14. Bf3 Re8
15. Nf4 Nb4 16. Nxb4 Bxb4+ 17. Ke2 c6 18. Bxe4 Rxe4 19. Rhd1 b5 20. Nd3 Bf8 21.
Ne5 d6 22. Nxc6 bxc4 23. Ba3 Bd7 24. Na5 cxb3 25. axb3 Bb5+ 26. Kf3 Re6 27. Rd2
Rf6+ 28. Kg3 Rg6+ 29. Kf3 Rf6+ 30. Kg3 Rg6+ 31. Kf3 Rf6+ 1/2-1/2

[Event "Moscow Open A 2016"]
[Site "Moscow RUS"]
[Date "2016.02.01"]
[Round "3.82"]
[White "Dvalishvili, Pavel S."]
[Black "Konaplev, Anton"]
[Result "1-0"]
[WhiteTitle "IM"]
[WhiteElo "2445"]
[BlackElo "2272"]
[WhiteFideId "4121996"]
[BlackFideId "24165646"]
[EventDate "2016.01.30"]

1. e4 e6 2. Qe2 c5 3. Nf3 Nc6 4. g3 b6 5. Bg2 Bb7 6. O-O g6 7. c3 Bg7 8. Rd1 Rc8
9. Na3 d5 10. e5 a6 11. d4 cxd4 12. cxd4 b5 13. Nc2 b4 14. Bf4 Qb6 15. Rac1 a5
16. Qd2 h6 17. h4 Nb8 18. Ne3 Nd7 19. Rxc8+ Bxc8 20. a3 Ne7 21. axb4 axb4 22.
Ra1 Bb7 23. Bf1 h5 24. Ra4 Nc6 25. Nc2 b3 26. Na3 O-O 27. Bh6 Ra8 28. Rxa8+ Bxa8
29. Bxg7 Kxg7 30. Nb5 Ne7 31. Bd3 Nf5 32. Qg5 Bc6 33. Bxf5 exf5 34. Nd6 Qb8 35.
Nxf5+ Kh7 36. Qe7 Kg8 37. e6 gxf5 38. Qxf7+ Kh8 39. exd7 Bxd7 1-0

[Event "Moscow Open A 2016"]
[Site "Moscow RUS"]
[Date "2016.02.01"]
[Round "3.83"]
[White "Bykov, Oleg"]
[Black "Kozionov, Kirill"]
[Result "0-1"]
[BlackTitle "IM"]
[WhiteElo "2227"]
[BlackElo "2416"]
[WhiteFideId "24198978"]
[BlackFideId "24101729"]
[EventDate "2016.01.30"]

1. d4 Nf6 2. c4 g6 3. Nc3 d5 4. Nf3 Bg7 5. Bf4 O-O 6. e3 c5 7. h3 Nc6 8. Be2
cxd4 9. exd4 dxc4 10. Bxc4 Na5 11. Be2 Be6 12. O-O Rc8 13. Rc1 a6 14. b3 b5 15.
Qd2 Qb6 16. Rfd1 Rfd8 17. Ne5 Nc6 18. Nxc6 Rxc6 19. Bf3 Nd5 20. Be5 Rxc3 21.
Rxc3 Nxc3 22. Qxc3 Bxe5 23. dxe5 Rxd1+ 24. Bxd1 b4 25. Qd3 Qc5 26. Qxa6 Qxe5 27.
Bf3 Kg7 28. Qb6 Qe1+ 29. Kh2 Qe5+ 30. Kg1 Qc3 31. Qb7 Qc5 32. Be4 h5 33. Qb8 Qd4
34. Qa8 h4 35. Qb7 Qa1+ 36. Kh2 Qxa2 37. Qxb4 Qxf2 38. Bb7 Qg3+ 39. Kh1 Qxb3 40.
Qd4+ f6 41. Qe4 Qd1+ 42. Kh2 Qd6+ 43. Kh1 g5 44. Qf3 Qd2 45. Qe4 Qc1+ 46. Kh2
Qf4+ 47. Qxf4 gxf4 48. Kg1 Kg6 49. Kf2 Kg5 50. Kf3 Bf5 51. Bc6 Bg6 52. Bd5 e5
53. Bc6 f5 54. Bd5 e4+ 55. Ke2 Kf6 56. Kf2 Ke5 57. Bc6 Bh5 58. Bd7 e3+ 59. Ke1
f3 0-1

[Event "Moscow Open A 2016"]
[Site "Moscow RUS"]
[Date "2016.02.01"]
[Round "3.84"]
[White "Khegay, Dmitriy"]
[Black "Chemurziev, Ruslan"]
[Result "1-0"]
[WhiteTitle "FM"]
[WhiteElo "2416"]
[BlackElo "2224"]
[WhiteFideId "24153729"]
[BlackFideId "4189094"]
[EventDate "2016.01.30"]

1. c4 c6 2. Nf3 d5 3. b3 Nf6 4. g3 g6 5. Bg2 Bg7 6. Bb2 O-O 7. O-O Bg4 8. d3 Qc8
9. Nbd2 Bh3 10. e4 Bxg2 11. Kxg2 dxe4 12. dxe4 Rd8 13. Qe2 Na6 14. Rad1 Nb4 15.
Bxf6 Bxf6 16. e5 Bg7 17. Ne4 Qf5 18. h3 Bxe5 19. g4 Qf4 20. Nc5 Bf6 21. Nxb7
Rdb8 22. Nc5 h5 23. g5 Bxg5 24. a3 Na6 25. Nxa6 Rxb3 26. Rd3 Rxd3 27. Qxd3 Bf6
28. Nc5 g5 29. Qe4 Qd6 30. Qf5 Kh8 31. Ne4 Qd3 32. Ne5 Qc2 33. Rc1 Qxc1 34. Nxf6
Kg7 35. Ne8+ Kh8 36. Nxf7+ Kg8 37. Nh6+ Kh8 38. Qf8+ Kh7 39. Qg7# 1-0

[Event "Moscow Open A 2016"]
[Site "Moscow RUS"]
[Date "2016.02.01"]
[Round "3.85"]
[White "Tarasov, Oleg"]
[Black "Pavlidis, Anastasios"]
[Result "1-0"]
[BlackTitle "IM"]
[WhiteElo "2219"]
[BlackElo "2410"]
[WhiteFideId "4162870"]
[BlackFideId "4208404"]
[EventDate "2016.01.30"]

1. e4 c5 2. c3 d5 3. exd5 Qxd5 4. d4 Nc6 5. Nf3 Bf5 6. Be3 Nf6 7. dxc5 Qxd1+ 8.
Kxd1 e5 9. Bb5 O-O-O+ 10. Nbd2 Nd5 11. Bxc6 bxc6 12. Nxe5 Nxe3+ 13. fxe3 Bxc5
14. Re1 Rhe8 15. Nxc6 Rd3 16. Nd4 Bg4+ 17. Kc2 Rdxe3 18. Rxe3 Rxe3 19. b4 Bxd4
20. cxd4 Bf5+ 21. Kd1 Rd3 22. Rc1+ Kb7 23. Rc5 Be6 24. Kc2 Rxd4 25. a3 h6 26.
Kc3 Rd7 27. Ne4 Rd1 28. g3 1-0

[Event "Moscow Open A 2016"]
[Site "Moscow RUS"]
[Date "2016.02.01"]
[Round "3.86"]
[White "Kovalev, Egor"]
[Black "Babarykin, Stanislav"]
[Result "0-1"]
[BlackTitle "FM"]
[WhiteElo "2210"]
[BlackElo "2384"]
[WhiteFideId "24124117"]
[BlackFideId "4101898"]
[EventDate "2016.01.30"]

1. Nf3 f5 2. d3 d6 3. e4 e5 4. Nc3 c5 5. g3 Nc6 6. Nh4 fxe4 7. Nxe4 Nf6 8. Bg5
Be6 9. Bxf6 gxf6 10. Qh5+ Bf7 11. Qf3 Be7 12. Nf5 Nd4 13. Nxd4 cxd4 14. Bh3 d5
15. Nd2 Qa5 16. Qd1 h5 17. O-O h4 18. Nb3 Qb6 19. Qg4 Rd8 20. Rae1 Rd6 21. f4 e4
22. dxe4 dxe4 23. Rxe4 d3+ 24. Kg2 d2 25. c4 Qc6 26. Qf3 d1=Q 27. Rxd1 Rxd1 28.
Nd4 Rd2+ 0-1

[Event "Moscow Open A 2016"]
[Site "Moscow RUS"]
[Date "2016.02.01"]
[Round "3.87"]
[White "Golubev, Roman"]
[Black "Begelman, Boris"]
[Result "1/2-1/2"]
[WhiteTitle "FM"]
[WhiteElo "2365"]
[BlackElo "2218"]
[WhiteFideId "14202344"]
[BlackFideId "34136441"]
[EventDate "2016.01.30"]

1. e4 c5 2. Nf3 d6 3. d4 cxd4 4. Nxd4 Nf6 5. Nc3 a6 6. h3 e5 7. Nde2 h5 8. Bg5
Be6 9. g3 Nbd7 10. Bg2 Be7 11. a4 Rc8 12. O-O Qc7 13. Qd2 O-O 14. Rfd1 Bc4 15.
Nc1 Rfe8 16. a5 b5 17. axb6 Qxb6 18. b3 Be6 19. N1e2 Rc7 20. Ra2 Ra8 21. Be3 Qb7
22. Nd5 Nxd5 23. exd5 Bf5 24. Nc1 Nc5 25. Qe2 Ne4 26. Bd2 Nxd2 27. Rxd2 g6 28.
h4 Rc3 29. Rb2 Bd8 30. Na2 Rcc8 31. c4 Bb6 32. Be4 Bg4 33. Bf3 Bxf3 34. Qxf3 Bd4
35. Rbc2 a5 36. Nc1 a4 37. bxa4 Rxa4 38. Ne2 Ba7 39. Qf6 Qd7 40. Kg2 Bb6 41. c5
Bxc5 42. Nc1 Bb4 43. Re2 Raa8 44. Qf3 Ba5 45. Rc6 Bd8 46. Rec2 Rcb8 47. Nd3 Rb1
48. Rc1 Rxc1 49. Nxc1 Be7 50. Qc3 Qf5 51. Rc4 Bf6 52. Qb4 e4 53. Rxe4 Qxd5 54.
Qc4 Qxc4 55. Rxc4 d5 56. Rc6 Kg7 57. Kf3 Ra3+ 58. Ke2 Be7 59. Nd3 Ra8 60. Nf4
Rd8 61. Kd3 Rd7 62. Ke3 Bf6 63. Rc5 d4+ 64. Kd2 Ra7 65. Rd5 Ra2+ 66. Ke1 Kh8 67.
Ne2 Ra4 68. Kd2 Kg7 69. Kd3 Ra2 70. Nxd4 Bxd4 71. Rxd4 Rxf2 72. Ke3 Rf1 73. Ke2
Rf5 74. Ra4 Kf8 75. Ra7 Kg7 76. Ke3 Kh6 77. Ke4 Rf1 78. Ke3 Rf6 79. Rb7 g5 80.
hxg5+ Kxg5 81. Rb4 Rf5 82. Ra4 Rf1 83. Rb4 f5 84. Ra4 Re1+ 85. Kf3 Re4 86. Ra8
h4 87. gxh4+ Rxh4 88. Rg8+ Kf6 89. Rf8+ Ke6 90. Re8+ Kf7 91. Ra8 Rb4 92. Ra6 1/2-1/2

[Event "Moscow Open A 2016"]
[Site "Moscow RUS"]
[Date "2016.02.01"]
[Round "3.88"]
[White "Makoveev, Ilya"]
[Black "Drygalov, Andrey"]
[Result "1/2-1/2"]
[WhiteElo "2148"]
[BlackElo "2352"]
[WhiteFideId "34155748"]
[BlackFideId "24171735"]
[EventDate "2016.01.30"]

1. e4 c5 2. Nf3 e6 3. d4 cxd4 4. Nxd4 Nc6 5. Nb5 d6 6. c4 Nf6 7. N1c3 a6 8. Na3
Be7 9. Be2 O-O 10. O-O b6 11. Be3 Bb7 12. Qd2 Ne5 13. f3 Rc8 14. Rfd1 Qc7 15.
Rac1 Ned7 16. Nc2 Qb8 17. Nd4 Bd8 18. Bf1 Bc7 19. g3 Qa8 20. Qf2 Ne5 21. h3 Rfe8
22. b3 Ng6 23. Nde2 d5 24. f4 dxe4 25. Bxb6 Bxb6 26. Qxb6 h5 27. Qe3 Ne7 28. Nd4
Qb8 29. Bg2 e5 30. fxe5 Qxe5 31. Re1 Rcd8 32. Rcd1 Nc6 33. Nxc6 Bxc6 34. Ne2 Qa5
35. Nd4 Bb7 36. Re2 Re5 37. Red2 Rde8 38. Ne2 Nh7 39. Rd7 Ba8 40. Qd2 Qc5+ 41.
Qd4 Qxd4+ 42. R1xd4 h4 43. gxh4 Nf6 44. Rd8 Nh5 45. Kf2 f5 46. Ke3 Bc6 47. R4d6
Bb7 48. R6d7 Bc6 49. Rd6 Bb7 50. R6d7 Bc6 51. Rd6 1/2-1/2

[Event "Moscow Open A 2016"]
[Site "Moscow RUS"]
[Date "2016.02.01"]
[Round "3.89"]
[White "Maximov, Oleg"]
[Black "Egorov, Pavel"]
[Result "1-0"]
[WhiteElo "2333"]
[BlackElo "2207"]
[WhiteFideId "4176960"]
[BlackFideId "24122637"]
[EventDate "2016.01.30"]

1. e4 c5 2. Ne2 Nf6 3. Nbc3 e5 4. g3 Be7 5. Bg2 d6 6. h3 Nc6 7. d3 O-O 8. g4 Nd4
9. Ng3 b5 10. O-O b4 11. Nce2 Ne8 12. a3 bxa3 13. Rxa3 g6 14. Bh6 Ng7 15. Qd2
Bb7 16. f4 Qb6 17. Nxd4 cxd4 18. f5 f6 19. h4 Rf7 20. g5 Raf8 21. h5 fxg5 22.
hxg6 hxg6 23. fxg6 Rf4 24. Bxg7 Kxg7 25. Rxf4 exf4 26. Nf5+ Kf6 27. g7 Rg8 28.
Rb3 Qa6 29. Rxb7 Qa1+ 30. Kh2 Bd8 31. Qb4 1-0

[Event "Moscow Open A 2016"]
[Site "Moscow RUS"]
[Date "2016.02.01"]
[Round "3.90"]
[White "Derevianchenko, Ilia"]
[Black "Royset, Pal"]
[Result "1-0"]
[WhiteElo "2316"]
[BlackElo "2179"]
[WhiteFideId "14104709"]
[BlackFideId "1501330"]
[EventDate "2016.01.30"]

1. e4 e5 2. Nf3 Nc6 3. Bc4 Nf6 4. Ng5 d5 5. exd5 Na5 6. Bb5+ c6 7. dxc6 bxc6 8.
Qf3 h6 9. Ne4 Nd5 10. Nec3 Be6 11. Be2 Be7 12. Qg3 Bf6 13. d3 Nb7 14. Ne4 Nf4
15. Bg4 Bh4 16. Qf3 f5 17. Bh5+ Kd7 18. Nec3 Nxh5 19. Qxh5 Nd6 20. O-O Bf6 21.
Nd2 g5 22. Qe2 g4 23. Re1 Bf7 24. Nb3 Kc7 25. f4 gxf3 26. Qxf3 Rg8 27. Be3 Bg6
28. d4 e4 29. Qf1 Bg5 30. Nc5 Bf7 31. d5 Bxe3+ 32. Rxe3 cxd5 33. Rd1 Kc6 34. Nb3
Qb6 35. Nd4+ Kb7 36. Kh1 Rad8 37. Na4 Qa5 38. Nb3 Qb5 39. Qf4 Ka8 40. Nc3 Qb6
41. Nxd5 Bxd5 42. Rxd5 Nc4 43. Rxd8+ Rxd8 44. Re1 Ne3 45. c3 Nc2 46. Rc1 Qb5 47.
h3 Qe2 48. Qc7 1-0

[Event "Moscow Open A 2016"]
[Site "Moscow RUS"]
[Date "2016.02.01"]
[Round "3.91"]
[White "Zhadanov, Vasili B."]
[Black "Zherebtsova, Alexandra"]
[Result "1/2-1/2"]
[WhiteTitle "FM"]
[BlackTitle "WFM"]
[WhiteElo "2306"]
[BlackElo "2130"]
[WhiteFideId "4144473"]
[BlackFideId "24129518"]
[EventDate "2016.01.30"]

1. e4 e5 2. Nf3 Nc6 3. Bb5 a6 4. Bxc6 dxc6 5. O-O Ne7 6. Nc3 Ng6 7. d4 exd4 8.
Nxd4 c5 9. Nf5 Qxd1 10. Rxd1 Bd7 11. b3 O-O-O 12. Bb2 f6 13. Nd5 Re8 14. Re1 c4
15. bxc4 Ne5 16. Nfe3 Bc5 17. Red1 c6 18. Bxe5 cxd5 19. Bb2 Bxe3 20. fxe3 dxe4
21. Rd4 g5 1/2-1/2

[Event "Moscow Open A 2016"]
[Site "Moscow RUS"]
[Date "2016.02.01"]
[Round "3.92"]
[White "Golikov, Daniil"]
[Black "Popov, Kirill"]
[Result "0-1"]
[BlackTitle "FM"]
[WhiteElo "2043"]
[BlackElo "2305"]
[WhiteFideId "24170623"]
[BlackFideId "24157457"]
[EventDate "2016.01.30"]

1. d4 Nf6 2. c4 g6 3. Nc3 Bg7 4. f3 d6 5. e4 O-O 6. Be3 Nc6 7. Nge2 a6 8. Qd2
Na5 9. Ng3 b5 10. Bh6 Nxc4 11. Bxc4 bxc4 12. h4 c5 13. d5 Bxh6 14. Qxh6 e6 15.
dxe6 Bxe6 16. O-O-O Qe7 17. h5 Rfe8 18. Rhe1 Rab8 19. Re2 Rb6 20. Nf5 gxf5 21.
exf5 d5 22. Re5 d4 23. fxe6 fxe6 24. Na4 Rc6 25. Nxc5 Rec8 26. Rde1 Rxc5 27.
Rxe6 Qg7 28. Rxf6 Qxh6+ 29. Rxh6 c3 30. Rxa6 cxb2+ 31. Kxb2 Rc2+ 32. Kb1 d3 33.
Rd6 Rb8+ 34. Ka1 d2 0-1

[Event "Moscow Open A 2016"]
[Site "Moscow RUS"]
[Date "2016.02.01"]
[Round "3.93"]
[White "Smirnov, Timofey"]
[Black "Hakobyan, Hovhannes H."]
[Result "1/2-1/2"]
[WhiteElo "2288"]
[BlackElo "2112"]
[WhiteFideId "24176427"]
[BlackFideId "13306308"]
[EventDate "2016.01.30"]

1. e4 c5 2. Nf3 Nc6 3. d4 cxd4 4. Nxd4 g6 5. c4 Bg7 6. Be3 Nf6 7. Nc3 O-O 8. Be2
d6 9. O-O Bd7 10. Qd2 Nxd4 11. Bxd4 Bc6 12. f3 a5 13. b3 Nd7 14. Be3 Nc5 15.
Rab1 Qb6 16. Nd5 Bxd5 17. exd5 Qb4 18. Rfd1 Qxd2 19. Rxd2 f5 20. g3 Bc3 21. Rc2
Bb4 22. Bg5 Rfe8 23. Bc1 a4 24. Bd2 axb3 25. axb3 Na6 26. Kf2 Bc5+ 27. Kf1 Nb4
28. Rcb2 Ra3 29. f4 Rea8 30. g4 Ra2 31. Bxb4 Bxb4 32. gxf5 gxf5 33. Bd3 Bd2 34.
Bxf5 Bxf4 35. Rxa2 Rxa2 36. Re1 Be5 37. h3 h6 38. Re2 Ra1+ 39. Kg2 Ra3 40. Re3
b6 41. Be6+ Kg7 42. Kf3 Ra2 43. Ke4 Rf2 44. Re1 Kf6 45. Bd7 Kf7 46. Bg4 Kf6 47.
Be6 h5 48. Rb1 Rh2 49. Rf1+ Kg5 50. Rf5+ Kh4 51. Rf3 Re2+ 52. Kf5 Rg2 53. Bf7
Rg3 54. Rxg3 Kxg3 55. Bxh5 Kxh3 56. Ke6 Bc3 57. Kd7 Bb4 58. Kxe7 Kh4 59. Bd1 Kg5 1/2-1/2

[Event "Moscow Open A 2016"]
[Site "Moscow RUS"]
[Date "2016.02.01"]
[Round "3.94"]
[White "Daurbekov, Murad"]
[Black "Vasilyev, Vasily"]
[Result "1/2-1/2"]
[BlackTitle "FM"]
[WhiteElo "2061"]
[BlackElo "2284"]
[WhiteFideId "4192982"]
[BlackFideId "24102180"]
[EventDate "2016.01.30"]

1. e4 c5 2. Nf3 d6 3. d4 cxd4 4. Nxd4 Nf6 5. Nc3 Nc6 6. Bg5 e6 7. Qd2 a6 8.
O-O-O Bd7 9. f4 h6 10. Bh4 Be7 11. Bxf6 gxf6 12. Be2 b5 13. Nxc6 Bxc6 14. Bf3
Qb6 15. f5 O-O-O 16. Rhe1 Bf8 17. Kb1 h5 18. Ne2 Qc5 19. Nd4 e5 20. Nxc6 Qxc6
21. c4 bxc4 22. Qe2 Kd7 23. Rc1 Rc8 24. Bxh5 Ke7 25. h3 Bh6 26. Rc3 Rc7 27. Qc2
Rb8 28. Be2 Rcb7 29. b3 cxb3 30. axb3 Qxc3 31. Qxc3 Rxb3+ 32. Kc2 Rxc3+ 33. Kxc3
Rc8+ 34. Kb3 a5 35. Ra1 Bd2 36. Bc4 Rg8 37. Ra2 Rg3+ 38. Ka4 Be1 39. Bd5 Rd3 40.
Rc2 Bc3 41. Kb5 Re3 42. Kc4 Be1 43. Kb5 Bc3 44. Kc4 Be1 45. Kb5 1/2-1/2

[Event "Moscow Open A 2016"]
[Site "Moscow RUS"]
[Date "2016.02.01"]
[Round "3.95"]
[White "Mokshanov, Alexey"]
[Black "Allajov, Ramil"]
[Result "1/2-1/2"]
[WhiteTitle "IM"]
[WhiteElo "2470"]
[BlackElo "2186"]
[WhiteFideId "24121657"]
[BlackFideId "13402447"]
[EventDate "2016.01.30"]

1. e4 e6 2. d4 d5 3. e5 c5 4. c3 Nc6 5. Nf3 Qb6 6. a3 Nh6 7. b4 cxd4 8. cxd4 Nf5
9. Bb2 Bd7 10. g4 Nfe7 11. Nc3 Na5 12. Nd2 Rc8 13. Rc1 Ng6 14. Ne2 Nc4 15. Nxc4
dxc4 16. h4 a5 17. Bc3 axb4 18. axb4 Bxb4 19. Rb1 Bxc3+ 20. Nxc3 Qa5 21. Qd2 O-O
22. Rh3 Bc6 23. h5 Ne7 24. h6 g6 25. Rg3 Nd5 26. Bxc4 Nxc3 27. Qxc3 Qd8 28. Qe3
Qh4 29. Bd3 Rfd8 30. Qf4 Rd7 31. Bf1 Rcd8 32. Rh3 Qe7 33. Rd3 b5 34. g5 b4 35.
f3 Ba4 36. d5 exd5 37. Rxb4 Bc2 38. Rd2 Bf5 39. Rbd4 Qe6 40. Kf2 Re7 41. Re2 Rc8
42. Qd2 Rc2 43. Qe3 Rxe2+ 44. Bxe2 Qxe5 45. Qxe5 Rxe5 46. f4 Re4 47. Rxd5 f6 48.
Rd8+ Kf7 49. Kf3 fxg5 50. fxg5 Rg4 51. Rh8 Rxg5 52. Rxh7+ Kf6 53. Kf2 1/2-1/2

[Event "Moscow Open A 2016"]
[Site "Moscow RUS"]
[Date "2016.02.01"]
[Round "3.96"]
[White "Salman, Pavel"]
[Black "Makhmutov, Rail"]
[Result "0-1"]
[WhiteTitle "FM"]
[BlackTitle "FM"]
[WhiteElo "2185"]
[BlackElo "2459"]
[WhiteFideId "24153753"]
[BlackFideId "4122151"]
[EventDate "2016.01.30"]

1. d4 Nf6 2. c4 c5 3. d5 b5 4. cxb5 a6 5. b6 d6 6. Nc3 Nbd7 7. a4 a5 8. e4 g6 9.
Bb5 Bg7 10. f4 O-O 11. Nf3 Nxb6 12. O-O Bd7 13. Qc2 Ne8 14. Kh1 Nc7 15. Be2 Na6
16. Be3 Nb4 17. Qd2 Qe8 18. Ra3 Rb8 19. e5 Bg4 20. Bg1 Qc8 21. exd6 exd6 22.
Raa1 Qb7 23. h3 Bf5 24. Nh4 Bc8 25. Rad1 Qe7 26. Nf3 Bb7 27. Rfe1 Qd8 28. Nb5
Bxd5 29. Nc3 Bb3 30. Ra1 Nc2 31. Ne4 Nxa1 32. Rxa1 Nxa4 33. Bd1 Bxd1 34. Qxd1
Nxb2 35. Qxd6 Qxd6 36. Nxd6 Nc4 37. Rd1 Rfd8 38. Bxc5 Bf8 0-1

[Event "Moscow Open A 2016"]
[Site "Moscow RUS"]
[Date "2016.02.01"]
[Round "3.97"]
[White "Klimentov, Evgeny"]
[Black "Appolonov, Sergey"]
[Result "1/2-1/2"]
[BlackTitle "IM"]
[WhiteElo "2170"]
[BlackElo "2380"]
[WhiteFideId "24128899"]
[BlackFideId "4116291"]
[EventDate "2016.01.30"]

1. e4 c5 2. Nf3 e6 3. d4 cxd4 4. Nxd4 Nf6 5. Nc3 Nc6 6. Ndb5 Bb4 7. a3 Bxc3+ 8.
Nxc3 d5 9. exd5 exd5 10. Bd3 O-O 11. O-O Bg4 12. f3 Bh5 13. Bg5 Bg6 14. Bxf6
Qxf6 15. Bxg6 hxg6 16. Qxd5 Rfd8 17. Qc5 Nd4 18. Rf2 b6 19. Qc7 Nb5 20. Qc4 Nxc3
21. Qxc3 Qxc3 22. bxc3 Rac8 23. a4 Rxc3 24. a5 b5 25. a6 b4 26. Re2 Rd4 27. Rb1
Ra3 28. Re4 Rxe4 29. fxe4 Ra4 30. Kf2 Kf8 31. Ke3 Ke7 32. Rb3 Kd6 33. Kd4 Kc6
34. Kc4 Ra2 35. Rxb4 Rxc2+ 36. Kd3 Rxg2 37. Rb7 Rf2 38. Ke3 Rf1 39. Rxa7 Kb6 40.
Ra8 f6 41. Rg8 Kxa6 42. Rxg7 g5 43. Rg6 Kb5 44. e5 fxe5 45. Rxg5 1/2-1/2

[Event "Moscow Open A 2016"]
[Site "Moscow RUS"]
[Date "2016.02.01"]
[Round "3.98"]
[White "Afanasiev, Nikita"]
[Black "Kurilo, Vladislav"]
[Result "1-0"]
[WhiteTitle "FM"]
[WhiteElo "2335"]
[BlackElo "2160"]
[WhiteFideId "24183555"]
[BlackFideId "14136503"]
[EventDate "2016.01.30"]

1. e4 c6 2. d3 d5 3. Nd2 e5 4. Ngf3 Bd6 5. h3 Ne7 6. g3 O-O 7. Bg2 f5 8. O-O Nd7
9. Re1 Qc7 10. Qe2 b6 11. c4 fxe4 12. dxe4 d4 13. Ng5 Nc5 14. Rf1 h6 15. Ngf3
Ng6 16. Ne1 a5 17. b3 Be6 18. Ndf3 Qd7 19. Kh2 b5 20. Nd2 Be7 21. Ba3 b4 22. Bb2
d3 23. Qd1 a4 24. Nef3 axb3 25. axb3 Bf6 26. Qe1 Bf7 27. h4 Qd6 28. Rg1 Be6 29.
Kh1 Bg4 30. Qe3 Bd7 31. Rxa8 Rxa8 32. Ra1 Rxa1+ 33. Bxa1 Bg4 34. Bb2 Kh7 35. Qe1
Bd8 36. Nh2 Be6 37. Bf3 Nh8 38. Bd1 Nf7 39. Qe3 Bb6 40. Qe1 Nd7 41. Ndf3 Nf6 42.
Bc1 Bc5 43. Bd2 Kg8 44. Ng1 Bd7 45. Kg2 Nd8 46. f3 Ne6 47. Nh3 Nd4 48. Nf2 Nc2
49. Qf1 Ne3+ 50. Bxe3 Bxe3 51. Nxd3 c5 52. Qe2 Bd4 53. Bc2 Qe6 54. Nf2 Bc6 55.
Nf1 Bd7 56. Ne3 g6 57. Bd1 Nh5 58. Neg4 Kg7 59. Qd2 Nf4+ 60. gxf4 h5 61. f5 gxf5
62. Qg5+ Qg6 63. Qxg6+ Kxg6 64. exf5+ Bxf5 65. Nh2 Be3 66. Nf1 Bh6 67. Be2 Bg7
68. Bd3 Bf6 69. Kg3 Be7 70. Bxf5+ Kxf5 1-0

[Event "Moscow Open A 2016"]
[Site "Moscow RUS"]
[Date "2016.02.01"]
[Round "3.99"]
[White "Ibadov, Dashgyn"]
[Black "Sizintsev, Alexey"]
[Result "0-1"]
[WhiteTitle "FM"]
[WhiteElo "2332"]
[BlackElo "2150"]
[WhiteFideId "24107514"]
[BlackFideId "24190985"]
[EventDate "2016.01.30"]

1. e4 e5 2. Nf3 Nc6 3. d4 exd4 4. Nxd4 Nf6 5. Nc3 Bb4 6. Nxc6 bxc6 7. Bd3 O-O 8.
O-O d5 9. exd5 cxd5 10. Bg5 c6 11. Qf3 Bd6 12. Rfe1 Rb8 13. Rab1 h6 14. Bxf6
Qxf6 15. Qxf6 gxf6 16. Ne2 Be5 17. c3 Bd7 18. g3 Rfe8 19. Kg2 a5 20. b3 c5 21.
f4 Bd6 22. Kf2 Re7 23. c4 d4 24. Ng1 Rbe8 25. Rxe7 Rxe7 26. Re1 Rxe1 27. Kxe1
Kg7 28. Be4 a4 29. f5 axb3 30. axb3 Bc7 31. Ne2 h5 32. Nc1 Kh6 33. Nd3 Bd6 34.
Kf2 Kg5 35. Kf3 Bxf5 36. h4+ Kg6 37. Nf4+ Bxf4 38. Kxf4 Bxe4 39. Kxe4 f5+ 40.
Kd3 Kf6 41. b4 cxb4 42. Kxd4 Ke6 43. c5 b3 44. Kc3 Kd5 45. Kxb3 Kxc5 46. Kc3 Kd5
47. Kd3 f4 0-1

[Event "Moscow Open A 2016"]
[Site "Moscow RUS"]
[Date "2016.02.01"]
[Round "3.100"]
[White "Lebedev, Mikhail S."]
[Black "Nyudleev, Dolgan"]
[Result "0-1"]
[BlackTitle "IM"]
[WhiteElo "2136"]
[BlackElo "2328"]
[WhiteFideId "24130303"]
[BlackFideId "4198360"]
[EventDate "2016.01.30"]

1. e4 c5 2. Nf3 d6 3. d4 Nf6 4. Nc3 cxd4 5. Nxd4 Nc6 6. Bg5 Qa5 7. Bb5 Bd7 8.
Nb3 Qb6 9. Bxf6 gxf6 10. Nd5 Qd8 11. Qh5 a6 12. Be2 e6 13. Ne3 Ne5 14. O-O-O Qc7
15. f4 Qb6 16. Qh3 Ng6 17. Rhf1 O-O-O 18. Kb1 Be7 19. Rd3 Kb8 20. Nc4 Qb4 21.
Rc3 d5 22. Ncd2 e5 23. Qf3 Nxf4 24. exd5 Nxe2 25. Qxe2 Bb5 26. Nc4 Rxd5 27. a3
Bxc4 28. Rxc4 Qd6 29. Ka2 Qe6 30. g4 Rhd8 31. Re4 Rd2 32. Qc4 Qxc4 33. Rxc4 Rxh2
34. g5 Rd6 35. Nc5 Rc6 36. Nd7+ Kc7 37. Rxc6+ Kxc6 38. Nxf6 Kd6 39. Kb3 Ke6 40.
Ne4 Rh4 41. Re1 Rg4 42. Kc3 Bxg5 43. Nc5+ Kd5 44. b4 a5 45. Nxb7 axb4+ 46. Kb3
Rg3+ 47. Ka4 bxa3 48. Kb5 Rc3 49. Rd1+ Ke6 50. Nc5+ Kf5 51. Rf1+ Bf4 0-1